International economics / (Record no. 764)
[ view plain ]
| 000 -LEADER | |
|---|---|
| fixed length control field | 00752nam a22002292 4500 |
| 001 - CONTROL NUMBER | |
| control field | 0000008788 |
| 005 - DATE AND TIME OF LATEST TRANSACTION | |
| control field | 20151021151115.0 |
| 008 - FIXED-LENGTH DATA ELEMENTS--GENERAL INFORMATION | |
| fixed length control field | 080604s xx 000 0 eng d |
| 020 ## - INTERNATIONAL STANDARD BOOK NUMBER | |
| International Standard Book Number | 0333763653 : |
| Terms of availability | KES 4275 |
| 040 ## - CATALOGING SOURCE | |
| Original cataloging agency | KABU |
| Transcribing agency | KABU |
| 100 1# - MAIN ENTRY--PERSONAL NAME | |
| Personal name | Sodersten, Bo. |
| -- | 0000159539 |
| 245 10 - TITLE STATEMENT | |
| Title | International economics / |
| Statement of responsibility, etc. | Bo Sodersten and Geoffrey Reed. |
| 250 ## - EDITION STATEMENT | |
| Edition statement | 3rd ed. |
| 260 ## - PUBLICATION, DISTRIBUTION, ETC. (IMPRINT) | |
| Place of publication, distribution, etc. | London : |
| Name of publisher, distributor, etc. | Macmillan, |
| Date of publication, distribution, etc. | 1994. |
| 300 ## - PHYSICAL DESCRIPTION | |
| Extent | xl, 714 p. |
| 650 #0 - SUBJECT ADDED ENTRY--TOPICAL TERM | |
| Topical term or geographic name as entry element | International economic relations. |
| -- | 0000144571 |
| 700 1# - ADDED ENTRY--PERSONAL NAME | |
| Personal name | Reed, Geoffrey. |
| -- | 0000159540 |
| 852 1# - LOCATION | |
| -- | p4275 KES |
| 852 1# - LOCATION | |
| -- | p4275 KES |
| 908 ## - PUT COMMAND PARAMETER (RLIN) | |
| Put command parameter | 080604 |
| 950 ## - LOCAL HOLDINGS (RLIN) | |
| -- | 1 |
| Withdrawn status | Lost status | Source of classification or shelving scheme | Not for loan | Home library | Current library | Date acquired | Total Checkouts | Full call number | Barcode | Date last seen | Price effective from | Koha item type | Date last checked out | Total Renewals |
|---|---|---|---|---|---|---|---|---|---|---|---|---|---|---|
| Library of Congress Classification | Kabarak, Main Campus | Kabarak, Main Campus | 21/10/2015 | 1 | HF1359 .S63 1994 c. 1 | 20662 | 16/12/2017 | 21/10/2015 | General Collection | 22/11/2017 | ||||
| Library of Congress Classification | Kabarak, Main Campus | Kabarak, Main Campus | 17/12/2015 | 2 | HF1359 .S63 1994 c. 3 | 012172 | 02/08/2024 | 17/12/2015 | General Collection | 02/11/2023 | ||||
| Library of Congress Classification | Kabarak, Main Campus | Kabarak, Main Campus | 17/12/2015 | 3 | HF1359 .S63 1994 c. 2 | 012171 | 27/11/2023 | 17/12/2015 | General Collection | 14/11/2023 | ||||
| Library of Congress Classification | Kabarak, Main Campus | Kabarak, Main Campus | 17/12/2015 | 2 | HF1359 .S63 1994 c. 4 | 16098 | 02/08/2024 | 17/12/2015 | General Collection | 20/09/2023 | 1 | |||
| Library of Congress Classification | Kabarak, Nakuru City Campus | Kabarak, Nakuru City Campus | 21/10/2015 | HF1359 .S63 1994 c. 1 | 012223 | 21/10/2015 | 21/10/2015 | General Collection | ||||||
| Library of Congress Classification | Kabarak, Nakuru City Campus | Kabarak, Nakuru City Campus | 21/10/2015 | HF1359 .S63 1994 c. 2 | 012224 | 21/10/2015 | 21/10/2015 | General Collection |